000 01257nam0a2200337 4500
001 RU\NLR\BIBL_A\012449041
005 20250624035428.0
010 _a978-5-04-089031-6
_92000
021 _aRU
_b2019-77677
_9КН-П-4644
035 _a(RuMoRGB)010277231
035 _a(NLR Aleph) 012449041
090 _a11965856
_c11965856
100 _a20210209d2020 |||y0rusy50 ca
101 1 _arus
_ceng
102 _aRU
105 _aac||z|||000za
181 0 _ai
_baxxe
182 0 _an
200 1 _aЯ забыл умереть
_e[поразительная история боли и возрождения]
_fХалил Рафати
_gперевод с английского М. Л. Табенкина
203 _aТекст
_bвизуальный
_cнепосредственный
210 _aМосква
_cЭксмо
_d2020
215 _a286 с.
_cил., портр.
_d22
225 1 _aМеждународный бестселлер
225 1 _aНовая реальность
333 _a16+
686 1 _aШ6(7США)67-491{Лх1979-140}
700 1 _7ca
_8rus
_aРафати
_bХ.
_f1970-
_gХалил
_9184231
_3RU\NLR\AUTH\770184282
942 _cBOOK
980 _aNB